000
00205nam a2200097Ia 4500
008
240521s1999 xx 000 0 und d
041
_a
eng
100
_a
PANDEY B. N.
245
_a
NEHRU.
260
_c
1999
999
_c
1159174
_d
1159174